Geysers : (Record no. 5389)

MARC details
000 -LEADER
fixed length control field 00880nam a22002777a 4500
001 - CONTROL NUMBER
control field 5389
003 - CONTROL NUMBER IDENTIFIER
control field FISKH
005 - DATE AND TIME OF LATEST TRANSACTION
control field 20241129155531.0
008 - FIXED-LENGTH DATA ELEMENTS--GENERAL INFORMATION
fixed length control field 241129b cb ||||| |||| 00| 0 eng d
020 ## - INTERNATIONAL STANDARD BOOK NUMBER
International Standard Book Number 9780531186503
040 ## - CATALOGING SOURCE
Original cataloging agency FISKH
Language of cataloging eng
Transcribing agency FISKH
Modifying agency FISKH
050 ## - LIBRARY OF CONGRESS CALL NUMBER
Classification number GB1198.5
082 ## - DEWEY DECIMAL CLASSIFICATION NUMBER
Classification number 551.2
100 ## - MAIN ENTRY--PERSONAL NAME
Personal name Gallant, Roy A.
245 ## - TITLE STATEMENT
Title Geysers :
Remainder of title When the Earth Roars /
Statement of responsibility, etc. by Roy A. Gallant
260 ## - PUBLICATION, DISTRIBUTION, ETC.
Place of publication, distribution, etc. New York :
Name of publisher, distributor, etc. Scholastic ;
Date of publication, distribution, etc. 1997.
300 ## - PHYSICAL DESCRIPTION
Extent 64 pages :
Other physical details color illustrations, maps ;
Dimensions 22 cm .
505 ## - FORMATTED CONTENTS NOTE
Formatted contents note Z <br/>
520 ## - SUMMARY, ETC.
Summary, etc. Discusses various aspects of geysers including their formation, location, anatomy, use by humans, and possible extinction.
521 8# - TARGET AUDIENCE NOTE
Target audience note 1110 <br/>
Source Lexile <br/>
521 8# - TARGET AUDIENCE NOTE
Target audience note Z <br/>
Source Raz-Plus <br/>
650 ## - SUBJECT ADDED ENTRY--TOPICAL TERM
Topical term or geographic name entry element earh science
Form subdivision non-fiction
700 ## - ADDED ENTRY--PERSONAL NAME
Personal name Storch, Samuel
Relator term Expert consultant
942 ## - ADDED ENTRY ELEMENTS (KOHA)
Source of classification or shelving scheme Dewey Decimal Classification
Koha item type Books
Suppress in OPAC No
Holdings
Withdrawn status Lost status Source of classification or shelving scheme Damaged status Not for loan Collection Home library Current library Shelving location Date acquired Total Checkouts Full call number Barcode Date last seen Price effective from Koha item type
    Dewey Decimal Classification     Non-Fiction Footprints International School Library Network Toul Kork Campus Footprints International School Library Network Toul Kork Campus TTP Secondary Non-Fiction Bookshelves 11/29/2024   GAL 551.2 GB1198.5 FISSE02188 11/29/2024 11/29/2024 Books